Kaharlı Altay (Record no. 18694)

000 -LEADER
fixed length control field 01244nmm a2200349 a 4500
001 - CONTROL NUMBER
control field ocm0002015414
003 - CONTROL NUMBER IDENTIFIER
control field TR-IsHL
005 - DATE AND TIME OF LATEST TRANSACTION
control field 20201028175503.0
008 - FIXED-LENGTH DATA ELEMENTS--GENERAL INFORMATION
fixed length control field 181028s2007 tu tur
007 - PHYSICAL DESCRIPTION FIXED FIELD--GENERAL INFORMATION
fixed length control field cr cn
020 ## - INTERNATIONAL STANDARD BOOK NUMBER
International Standard Book Number 9786055988005
035 ## - SYSTEM CONTROL NUMBER
System control number 2015414
-- (N$T)
050 04 - LIBRARY OF CONGRESS CALL NUMBER
Classification number PL76.9.S26
Item number S419 2007
090 04 - LOCALLY ASSIGNED LC-TYPE CALL NUMBER (OCLC); LOCAL CALL NUMBER (RLIN)
Classification number (OCLC) (R) ; Classification number, CALL (RLIN) (NR) PL76.9.S26
Local cutter number (OCLC) ; Book number/undivided call number, CALL (RLIN) S419 2007
100 1# - MAIN ENTRY--PERSONAL NAME
Personal name Samiytulı, Jaksılık
245 10 - TITLE STATEMENT
Title Kaharlı Altay
Medium [electronic resource] /
Statement of responsibility, etc. Jaksılık Samiytulı ; çeviren M. H. Kazakkızı; Yayın Yönetmeni Ali Akbaş ; Yayın Koordinatörü Cihan Özdemir; Kapak Sayfa Tasarımı Bünyamin Kocataş
250 ## - EDITION STATEMENT
Edition statement 1. Baskı
260 ## - PUBLICATION, DISTRIBUTION, ETC.
Place of publication, distribution, etc. Ankara :
Name of publisher, distributor, etc. Bengü Yayınları,
Date of publication, distribution, etc. 2007
300 ## - PHYSICAL DESCRIPTION
Extent 330 p.
500 ## - GENERAL NOTE
General note Orijinal adı : Sergeldeng : 3 Cilt
650 #4 - SUBJECT ADDED ENTRY--TOPICAL TERM
Topical term or geographic name entry element Dil ve Edebiyat
650 #4 - SUBJECT ADDED ENTRY--TOPICAL TERM
Topical term or geographic name entry element Language and Literature
650 #0 - SUBJECT ADDED ENTRY--TOPICAL TERM
Topical term or geographic name entry element Batur, Osman, 1890-1951
650 #0 - SUBJECT ADDED ENTRY--TOPICAL TERM
Topical term or geographic name entry element Kazakh fiction
650 #0 - SUBJECT ADDED ENTRY--TOPICAL TERM
Topical term or geographic name entry element Kazak roman
650 #7 - SUBJECT ADDED ENTRY--TOPICAL TERM
Topical term or geographic name entry element LITERARY COLLECTIONS / Russian & Former Soviet Union
Source of heading or term bisacsh
700 1# - ADDED ENTRY--PERSONAL NAME
Personal name Kazakkızı, M. H.
700 1# - ADDED ENTRY--PERSONAL NAME
Personal name Akbaş, Ali
700 1# - ADDED ENTRY--PERSONAL NAME
Personal name Özdemir, Cihan
700 1# - ADDED ENTRY--PERSONAL NAME
Personal name Kocataş, Bünyamin
856 40 - ELECTRONIC LOCATION AND ACCESS
Uniform Resource Identifier <a href="http://search.ebscohost.com/login.aspx?direct=true&scope=site&db=e011xww&AN=2015414">http://search.ebscohost.com/login.aspx?direct=true&scope=site&db=e011xww&AN=2015414</a>
Holdings
Withdrawn status Lost status Source of classification or shelving scheme Damaged status Not for loan Collection code Permanent Location Current Location Date acquired Total Checkouts Full call number Barcode Date last seen Price effective from Koha item type
        Online   Kıbrıs Amerikan Üniversitesi Kütüphanesi / American University of Cyprus Kıbrıs Amerikan Üniversitesi Kütüphanesi / American University of Cyprus 28.10.2020   PL76.9.S26 S419 2007 2015414 28.10.2020 28.10.2020 E-Kitap
Devinim Yazılım Eğitim Danışmanlık tarafından Koha'nın orjinal sürümü uyarlanarak geliştirilip kurulmuştur.